Central Library OPAC University of Rajshahi

উদ্ধারণপুরের ঘাট / (Record no. 56390)

MARC details
000 -LEADER
fixed length control field 00723nam a2200217 a 4500
001 - CONTROL NUMBER
control field 56390
003 - CONTROL NUMBER IDENTIFIER
rucl marc code BD-RjUL
005 - DATE AND TIME OF LATEST TRANSACTION
control field 20211209080405.0
008 - FIXED-LENGTH DATA ELEMENTS--GENERAL INFORMATION
fixed length control field 161129s1957 ii ||||| |||| 00| 0 ben d
035 ## - SYSTEM CONTROL NUMBER
System control number (BD-RjUL)56514
040 ## - CATALOGING SOURCE
Original cataloging agency BD-RjUL
Language of cataloging ben
Transcribing agency BD-RjUL
041 ## - LANGUAGE CODE
Language code of text/sound track or separate title ben
082 ## - DEWEY DECIMAL CLASSIFICATION NUMBER
Edition number 23
Classification number 891.443
Author mark and year ABU 1957
100 ## - MAIN ENTRY--PERSONAL NAME
Personal name অবধূত
9 (RLIN) 137311
245 10 - TITLE STATEMENT
Title উদ্ধারণপুরের ঘাট /
Statement of responsibility, etc. অবধূত
260 ## - PUBLICATION, DISTRIBUTION, ETC. (IMPRINT)
Place of publication, distribution, etc. কলিকাতা :
Name of publisher, distributor, etc. মিত্র ও ঘোষ,
Date of publication, distribution, etc. ১৯৫৭ [১৩৬৪]
300 ## - PHYSICAL DESCRIPTION
Pagination ১৮৬ পৃ. ;
Size ২১ সেমি.
650 ## - SUBJECT ADDED ENTRY--TOPICAL TERM
Topical term or geographic name as entry element বাংলা উপন্যাস
9 (RLIN) 167741
Topical term or geographic name as entry element Bengali Fictions
9 (RLIN) 167742
942 ## - ADDED ENTRY ELEMENTS (KOHA)
Source of classification or shelving scheme Dewey Decimal Classification
Koha item type Books
Holdings
Lost status Source of classification or shelving scheme Damaged status Not for loan Collection code Permanent Location Current Location Shelving location Date acquired Source of acquisition Cost, normal purchase price Total Checkouts Full call number Date last seen Copy number Koha item type
  Dewey Decimal Classification     Fiction Central Library, University of Rajshahi Central Library, University of Rajshahi   03/02/1958 Kamala book. 3.50   B 891.443 ABU 1957 29/11/2016 C-2 Books